V Soči obdivovali naše sklo /Výstava úžitkového skla v Soči./

Podrobná bibliografia
Hlavný autor: Matta, Július (Autor)
Médium: Článok
Jazyk:slovenčina
Fyzický popis:Obr. 6.
Predmet:

MARC

LEADER 00000nab a2200000 a 4500
001 vtls000073459
003 SK-MaSNL
005 20260303024748.0
008 111103c1981 xo 0 slo
015 |a SNBRB19rr/mm-uuuuu 
035 |a CL0083560 
040 |a SNKBUCL  |b slo  |c SNKBUCL  |e AACR2 
041 0 |a slo 
044 |a xo  |c SK 
080 |a 666  |2 1981 
080 |a 745/749  |2 1981 
100 1 |a Matta, Július  |4 aut  |9 1008599 
245 1 0 |a V Soči obdivovali naše sklo  |b /Výstava úžitkového skla v Soči./  |c Július Matta 
300 |b Obr. 6. 
650 0 7 |a sklo úžitkové  |2 snkbucl  |9 927977 
655 7 |a články z novín a časopisov  |2 snkbucl  |9 267496 
773 0 |t Technické noviny  |g Roč. 29, č. 2 (1981), s. 9 
850 |a Slovenská národná knižnica v Martine  |a MTA001 
852 |a SNK  |b KIS3GCP 
958 |a RK 
992 |a RBX 
999 |c 1642399  |d 1644329